000 00712nam a2200205 i 4500
001 100370
003 ES-MaACL
005 20250924165202.0
007 t|
008 050926s1972 ag ||||1| spa d
245 0 0 _aMarxismo, psicoanálisis y sexpol
_b: I. Documentos /
_cErich Fromm, Otto Fenichel, Siegfried Bernfeld; compilación de Hans Peter Gente; [traducción: Nélida I. M. de Machain].
250 _a[1ª ed.].
260 _aBuenos Aires :
_bGranica,
_c1972.
300 _a253 p. ;
_c20 cm.
700 1 _aFromm, Erich,
_d1900-1980
_952729
700 1 _aGente, Hans-Peter.
_956352
700 1 _aMachain, Nélida M. de.
_975174
852 _aES-MaACL
_jE-8929
_bR.93267
999 _c100370
_d100370